00457 2200181 4500001002100000005001500021008004100036020002200077035001900099041000700118082000800125090001400133100001900147245003000166260001900196300003300215650002700248INLIS00000000000055720241224112207241224||||||||| | ||| |||| || |  a978-602-7825-20-8 0010-1224000557 aid0 a310 a310 DAN s0 aDanang Sunyoto00aStatistik Untuk Paramedis balfabetac2013 aviii, 212 hlm.: ilus.; 24 cm 0akesehatan -- statistik